000 01837 a2200277 4500
003 OSt
005 20180116192358.0
008 120606t xxu||||| |||| 00| 0 eng d
010 _a 2008939689
020 _a9780300135855 (hbk.)
020 _a0300135858 (hbk.)
035 _a(OCoLC)ocn262432359
040 _c0
082 0 4 _a712.091732
245 0 0 _aMichael Van Valkenburgh Associates :
_breconstructing urban landscapes /
_cedited by Anita Berrizbeitia ; foreword by Paul Goldberger.
246 1 0 _aReconstructing urban landscapes
260 _aNew Haven, Conn. ;
_aLondon :
_bYale University Press,
_cc2009.
300 _a320 p. :
_bill., maps, plans ;
_c29 cm.
505 0 _aForeword / Paul Goldberger -- MVVA in context / Anita Berrizbeitia -- Mill Race Park: at the threshold / Jane Amidon -- Allegheny Riverfront Park: material, event, sensation / Jane Amidon -- Herman Miller Factory : suburban sublime / Elissa Rosenberg -- Tahari Courtyards: material connections / Linda Pollak -- Alumnae Valley, Wellesley College: redefining the campus landscape / Peter Fergusson -- Teardrop Park: elective affinities / Erik de Jong -- A landscape-based approach to the design of three plazas: Bailey Plaza, Cornell University, Boston Children's Museum, Union Square Park's North End, New York / Rachel Gleeson -- Brooklyn Bridge Park: the complex edge / Ethan Carr -- Metaphor remediation: a new ecology for the city: The High Line competition, Toronto Port Lands competition / Andrew Blum.
610 2 0 _aMichael Van Valkenburgh Associates.
_93956
650 1 0 _aUrban landscape architecture
_zUnited States
_93957
700 1 _aBerrizbeitia, Anita.
_93958
710 2 _aMichael Van Valkenburgh Associates.
_93959
942 _aSADA
_cBK
_k712.091732 MIC 2009
_2ddc
999 _c353180
_d353180